1027 1858 1751 1437 1243 1180 1294 1171 1581 1614 1724 1938 1009 1775 1622 1234 1112 1746 1906 1069 1579 1068 1132 1451 1306 1231 1193 1148 1031 1445 1096 1302 1770 1070 1231 1825 1389 1684 1132 1234 1200 1470 1634 1595 1541 1317 1719 1845 1668 1164 1055 1710 1883 1966 1528 1454 1665 1120 1542 1964 1756 1720 1901 1963 1480 1467 1116 1979 1570 1013 1144 1826 1392 1108 1662 1017 1353 1892 1301 1823 1982 1315 1467 1096 1238 1133 1578 1191 1906 1905 1371 1985 1659 1979 1731 1741 1091 1810 1350 BCNSPRNW ULIB Ver.6.0+V

เปลี่ยนเป็นภาษาไทย

Change to English
 แสดงรายละเอียดบรรณานุกรม
  กลับหน้าหลัก

Brief Record : Get Marc (ISO 2709) : E-mail record : QR code < ปิดหน้าต่าง
LEADER : 00000nam 2200000uu 4500
001    13399122914
003     ULIB
008    131029s2012||||th 000 0 eng d
020    ^a9780763771126 (pbk.)
060 04 ^aW84.3^bP338c
100 1  ^aPavlish, Carol Pillsbury
245 10 ^aCommunity-based collaborative action research :^ba nursing approach /^cCarol Pillsbury Pavlish, Margaret Dexheimer Pharris
260    ^aSudbury, MA :^bJones & Bartlett Learning,^c2012
300    ^axxix, 428 p. :^bill. ;^c23 cm.
504    ^aIncludes bibliographical references and index
650  2 ^aCommunity-Based Participatory Research
650  2 ^aEthics, Research
650  2 ^aFinancing, Organized
650  2 ^aNursing Research^xmethods
650  2 ^aResearch Design
945    ^p101^l0^i034132
999    ^aเกษร โพธิ์สุวรรณ
รายการนี้ยังไม่มีแท็ก
คุณยังไม่ได้ล็อกอิน คุณสามารถมีกิจกรรมร่วมกับเว็บไซต์ได้ แต่ต้องล็อกอินก่อน ::
  ล็อกอิน

รายการสื่อสารสนเทศ

ลำดับที่ ประเภท เลขเรียก/บาร์โค้ด สถานที่ สถานะ
1. Book การพยาบาล
Book การพยาบาล
W84.3 P338c  
  Barcode: 034132
ห้องสมุดวิทยาเขตสวรรค์ประชารักษ์
►หนังสือทั่วไป
บนชั้น

รายการใกล้เคียง
    หัวเรื่อง [Ethics, Research]
    หัวเรื่อง [Research Design]

BibComment


ยังไม่เคยถูกคอมเมนท์

คอมเมนท์ทรัพยากรรายการนี้
  คอมเมนท์: Communitybased c..


 Copyright 2026. Bcnsprnw @Library